000 00658nam a22001817a 4500
999 _c15356
_d15356
003 OSt
082 _2664 SAI/DE
088 _aT 400
100 _aSAI KRISHNA, V
_93750
245 _aDevelopment and performance evaluation of a solar dryer of copra
260 _aTavanur
_bKelappaji College of Agricultural Engineering and Technology
300 _a104
500 _aDevelopment and performance evaluation of a solar dryer of copra
520 _aDevelopment and performance evaluation of a solar dryer of copra
700 _aEr. George Mathew (Guide)
_93431
856 _uhttps://drive.google.com/open?id=1_UuW-iYZ0GWnJpc5o-LR5XO266TEMgN6
942 _cTH